| 000 | 01010nam a2200229Ia 4500 | ||
|---|---|---|---|
| 999 |
_c40502 _d40502 |
||
| 001 | 7113 | ||
| 003 | GE_BSU | ||
| 005 | 20230927172606.0 | ||
| 008 | 181216s2012||||ge |||||||||||||| ||geo|| | ||
| 020 | _a9789941198697 | ||
| 040 | _cGE_BSU | ||
| 041 | _ageo | ||
| 080 | _a821.353.1-31 ყ-19 | ||
| 100 |
_aყაზბეგი, ალექსანდრე _919937 |
||
| 245 |
_aელგუჯა ; მამის მკვლელი : რომანები : _bტ.1 პროზა / _cალექსანდრე ყაზბეგი ; სარედ. ჯგ. : ზურაბ აბაშიძე, მანანა ჯანელიძე, ირმა ხარშილაძე. |
||
| 264 |
_aთბილისი : _bპალიტრა L, _c2012. |
||
| 300 |
_a512 გვ. : _bფოტო გარეკანზე ; _c20 სმ. |
||
| 490 |
_aჩემი რჩეული _vტ 85 _xISSN 2233-3037 |
||
| 541 | _h8ლ. | ||
| 653 | _aრომანი | ||
| 942 |
_cBK _2udc |
||